000 00924nam a22002417a 4500
003 0
005 20160609165645.0
008 100723t xxu||||| |||| 00| 0 eng d
040 _aBUAC
_cENEAM
041 _aFr
100 _aDEGUENONVO, Cispat.
_97397
245 _aContribution à un meilleur financement des petites et moyennes entreprises par les institutions bancaires:
_b cas de la BOA-BENIN
_c/ Cispat, DEGUENONVO, Gwladys, TALON.
260 _aCotonou:
_bENEAM,
_c2009.
300 _a60 p.
_eCD ROM.
501 _aMémoire de fin de formation ( cycle I) ENEAM pour l'obtention du Diplôme de Technicien Supérieur. Publié avec la version électronique du mémoire.
504 _aComprend: bibliogr.
600 _aTALON, Gwladys
_97398
650 _aGESTION DES BANQUES
_97445
650 _aFINANCEMENT DES PME
_97446
650 _aINSTITUTIONS BANCAIRES
_97447
650 _aBOA-BENIN
_97448
942 _cTHE
999 _c47421
_d47421